Các văn bản hướng dẫn thi hành Bộ luật tố tụng hình sự năm 2003

Trình bày các văn bản hướng dẫn thi hành Bộ luật tố tụng hình sự Việt Nam năm 2003

Wedi'i Gadw mewn:
Manylion Llyfryddiaeth
Fformat: Llyfr
Iaith:Undetermined
Cyhoeddwyd: Hà Nội Chính trị Quốc gia 2006
Pynciau:
Tagiau: Ychwanegu Tag
Dim Tagiau, Byddwch y cyntaf i dagio'r cofnod hwn!
Thư viện lưu trữ: Trung tâm Học liệu Trường Đại học Cần Thơ
LEADER 00739nam a2200193Ia 4500
001 CTU_139997
008 210402s9999 xx 000 0 und d
020 |c 50000 
082 |a 345.59705 
082 |b C101 
245 0 |a Các văn bản hướng dẫn thi hành Bộ luật tố tụng hình sự năm 2003 
260 |a Hà Nội 
260 |b Chính trị Quốc gia 
260 |c 2006 
520 |a Trình bày các văn bản hướng dẫn thi hành Bộ luật tố tụng hình sự Việt Nam năm 2003 
650 |a Criminal procedure,Luật hình sự 
650 |z Vietnam,Việt Nam 
904 |i Hạ Nguyên 
980 |a Trung tâm Học liệu Trường Đại học Cần Thơ